Detalles MARC
| 000 -CABECERA |
| campo de control de longitud fija |
00981nam a2200229 a 4500 |
| 001 - NÚMERO DE CONTROL |
| campo de control |
000021234 |
| 005 - FECHA Y HORA DE LA ÚLTIMA TRANSACCIÓN |
| campo de control |
20200930011253.0 |
| 008 - DATOS DE LONGITUD FIJA--INFORMACIÓN GENERAL |
| campo de control de longitud fija |
100902s1994 ck a r 000 | spa d |
| 040 ## - FUENTE DE LA CATALOGACIÓN |
| Centro catalogador/agencia de origen |
DO-SdBNP |
| Lengua de catalogación |
spa |
| Centro/agencia transcriptor |
BNPHU |
| 082 ## - NÚMERO DE LA CLASIFICACIÓN DECIMAL DEWEY |
| Número de clasificación |
398.469 |
| Número de documento/Ítem |
C112b |
| 100 1# - ENTRADA PRINCIPAL--NOMBRE DE PERSONA |
| Nombre de persona |
Cabarcas Antequera, Hernando |
| Fechas asociadas al nombre |
1937- |
| 9 (RLIN) |
44377 |
| 245 13 - MENCIÓN DE TÍTULO |
| Título |
Bestiario del nuevo Reino de Granada : |
| Resto del título |
la imaginación animalística medieval y la descripción literaria de la naturaleza americana / |
| Mención de responsabilidad, etc. |
Hernando Cabarcas Antequera. |
| 260 ## - PUBLICACIÓN, DISTRIBUCIÓN, ETC. |
| Lugar de publicación, distribución, etc. |
Santafé de Bogotá, (Colombia) : |
| Nombre del editor, distribuidor, etc. |
Instituto Caro y Cuervo : |
| -- |
Colcultura, Biblioteca Nacional de Colombia, |
| Fecha de publicación, distribución, etc. |
1994. |
| 300 ## - DESCRIPCIÓN FÍSICA |
| Extensión |
196 p. : |
| Otras características físicas |
il. ; |
| Dimensiones |
23 cm. |
| 490 1# - MENCIÓN DE SERIE |
| Mención de serie |
Daniel Samper Ortega; |
| Designación de volumen o secuencia |
1 |
| 500 ## - NOTA GENERAL |
| Nota general |
Incluye notas al pie de páginas |
| 500 ## - NOTA GENERAL |
| Nota general |
Incluye referencias bibliográficas |
| 650 #4 - PUNTO DE ACCESO ADICIONAL DE MATERIA--TÉRMINO DE MATERIA |
| Término de materia o nombre geográfico como elemento de entrada |
Animales |
| Subdivisión general |
Cuentos y leyendas |
| 9 (RLIN) |
15612 |
| 650 #4 - PUNTO DE ACCESO ADICIONAL DE MATERIA--TÉRMINO DE MATERIA |
| Término de materia o nombre geográfico como elemento de entrada |
Animales fabulosos |
| 9 (RLIN) |
44378 |
| 650 #4 - PUNTO DE ACCESO ADICIONAL DE MATERIA--TÉRMINO DE MATERIA |
| Término de materia o nombre geográfico como elemento de entrada |
Monstruos en la literatura |
| 9 (RLIN) |
44379 |
| 650 #4 - PUNTO DE ACCESO ADICIONAL DE MATERIA--TÉRMINO DE MATERIA |
| Término de materia o nombre geográfico como elemento de entrada |
Literatura fantástica colombiano |
| 9 (RLIN) |
44380 |